[Event "WTCC-50 2018"]
[Site "Radebeul"]
[Date "2018.07.15"]
[Round "9"]
[White "Plotkin, Victor"]
[Black "Benjamin, Joel"]
[Result "1/2-1/2"]
[WhiteElo "2248"]
[BlackElo "2544"]
[Annotator "TA"]
[PlyCount "54"]
[EventDate "2018.07.07"]
[EventType "team-tourn"]
[EventCountry "GER"]
[SourceTitle "playchess.com"]
[Source "ChessBase"]
[SourceQuality "1"]

{[%evp 24,54,-16,-27,0,0,0,-12,0,0,0,0,0,0,0,-12,0,0,4,8,12,0,0,0,0,-22,0,0,8,6,0,0,0]} 1. e4 c5 2. c3 Nf6 3. e5 Nd5 4. d4 cxd4 5. Nf3 e6 6. cxd4 d6 7. Nc3 Nxc3 8. bxc3 Qc7 9. Bd2 Nd7 10. exd6 Bxd6 11. Bd3 b6 12. O-O Bb7 13. h3 {LiveBook: 39 Partien} Bf4 {B22: Sizilianisch (Alapin 2.c3)} (13... O-O 14. Re1 Bf4 15. Bxf4 Qxf4 16. Ne5 Nxe5 17. Rxe5 Rac8 18. Qe1 Rc7 19. a4 Rfc8 20. Ra3 Bd5 21. Ba6 Rb8 22. Qe3 Qxe3 23. Rxe3 {½-½ (32) Hovhannisyan,M (2513)-Malakhatko,V (2560) Charleroi 2014}) 14. Bxf4 {Die Stellung ist ausgeglichen.} Qxf4 15. Qd2 Qxd2 16. Nxd2 Rc8 17. Rfc1 $146 ({Vorgänger:} 17. Rac1 Ke7 18. Rfe1 Rhd8 {0-1 (18) Uzun,S (1966)-Yurtseven,M (2148) Konya 2012}) 17... Ke7 18. a4 a5 19. Rab1 Rc7 20. Bb5 Bc6 21. c4 Rhc8 22. Bxc6 Rxc6 23. Rb5 e5 24. dxe5 Nc5 25. Ra1 Rd8 26. Nf1 Ke6 27. Ne3 Rd4 {Precision: Weiß = 83%, Schwarz = 56%.} 1/2-1/2

[Event "WTCC-50 2018"]
[Site "Radebeul"]
[Date "2018.07.15"]
[Round "9"]
[White "Kempter, Ronald"]
[Black "Levin, Felix"]
[Result "0-1"]
[WhiteElo "2233"]
[BlackElo "2468"]
[Annotator "TA"]
[PlyCount "62"]
[EventDate "2018.07.07"]
[EventType "team-tourn"]
[EventCountry "GER"]
[SourceTitle "playchess.com"]
[Source "ChessBase"]
[SourceQuality "1"]

{[%evp 21,62,-6,17,0,28,8,35,-1,-7,-37,0,-12,0,-89,-101,-83,-97,-75,-93,-189,-83,-95,-84,-146,-139,-118,-112,-307,-285,-301,-298,-296,-287,-356,-364,-392,-379,-502,-528,-537,-521,-525,-525]} 1. Nf3 c5 2. g3 Nc6 3. c4 e5 4. Nc3 g6 5. Bg2 Bg7 6. d3 d6 7. Nd2 {[%cal Bf3d2,Bd2f1,Bf1e3,Be3d5][%mdl 32]} Nge7 8. Nf1 Be6 9. Ne3 Qd7 10. Ned5 O-O 11. O-O f5 {LiveBook: 6 Games. A37: Symmetrical English vs ...g6: 4 Bg2 Bg7 5 Nf3} (11... Bh3 12. Rb1 Bxg2 13. Kxg2 f5 14. a3 Rac8 15. f3 Rf7 16. b4 Nxd5 17. Nxd5 Ne7 18. Nxe7+ Rxe7 19. Be3 Qe6 20. bxc5 dxc5 {0-1 (72) Lenderman,A (2611)-Le,Q (2737) chess.com INT 2018}) 12. e3 Bf7 $146 ({Predecessor:} 12... Rae8 13. Rb1 Kh8 14. Bd2 g5 15. f4 gxf4 16. gxf4 Ng6 17. Ne2 Rg8 18. Kh1 Nh4 19. Bh3 {1-0 (38) Rybarczyk,K (2129)-Villwock,M (2179) Germany 2013}) 13. Qa4 Nxd5 {The position is equal.} 14. Nxd5 g5 15. Rb1 f4 16. exf4 exf4 17. Re1 {[#]} (17. gxf4 $11 {remains equal.} Bg6 18. Qd1) 17... Rae8 $1 $17 {[%cal Re8e1]} 18. Bd2 Bg6 19. gxf4 Bxd3 20. Rbd1 {[#]} (20. Rbc1 $17) 20... Qf5 (20... Be2 $1 $19 {is more deadly.} 21. Ra1 Qf7) 21. Rxe8 Rxe8 22. Re1 (22. Ne3 $142 Qxf4 23. Bxc6 bxc6 24. Qxc6) 22... Rxe1+ 23. Bxe1 Qg4 {aiming for ...Qe2.} ({Reject} 23... Bxb2 $6 24. Ne3 $11) 24. f3 $2 (24. Ne3 $17 Qe2 25. Bxc6 bxc6 26. Qxc6 Qxe1+ 27. Kg2) 24... Bd4+ $19 25. Kh1 Qe6 26. Qd1 Bxc4 27. Nc3 gxf4 28. b3 Ba6 29. Ne4 d5 {Black is clearly winning.} 30. Nf2 Qe3 31. Nh3 Be2 {Precision: White = 28%, Black = 50%.} 0-1

[Event "WTCC-50 2018"]
[Site "Radebeul"]
[Date "2018.07.15"]
[Round "9"]
[White "Dietze, Frank"]
[Black "Habel, Christof"]
[Result "1-0"]
[WhiteElo "2203"]
[BlackElo "2026"]
[Annotator "NA"]
[PlyCount "85"]
[EventDate "2018.07.07"]
[EventType "team-tourn"]
[EventCountry "GER"]
[SourceTitle "playchess.com"]
[Source "ChessBase"]
[SourceQuality "1"]
[TimeControl "40/5400+30:1800+30"]

1. d4 {[%emt 0:00:00]} Nf6 {[%emt 0:00:00]} 2. c4 {[%emt 0:00:41]} e6 {[%emt 0:00:54]} 3. g3 {[%emt 0:00:12]} Be7 {[%emt 0:01:31]} 4. Bg2 {[%emt 0:00:20]} d5 {[%emt 0:00:15]} 5. Nf3 {[%emt 0:00:10]} O-O {[%emt 0:01:14]} 6. O-O {[%emt 0:00:10]} Nbd7 {[%emt 0:01:51]} 7. Qc2 {[%emt 0:00:31]} Re8 {[%emt 0:07:18]} 8. Nbd2 {[%emt 0:03:18]} c5 {[%emt 0:03:35]} 9. dxc5 {[%emt 0:01:39]} Nxc5 {[%emt 0:06:30]} 10. Rd1 {[%emt 0:01:45]} Bd7 {[%emt 0:05:05]} 11. Ne5 {[%emt 0:02:57]} Rc8 {[%emt 0:01:08]} 12. Nxd7 {[%emt 0:08:38]} Ncxd7 {[%emt 0:00:33]} 13. Qb1 {[%emt 0:12:57]} dxc4 {[%emt 0:08:27]} 14. Bxb7 {[%emt 0:00:10]} Rb8 {[%emt 0:00:30]} 15. Bg2 {[%emt 0:00:17]} Ne5 {[%emt 0:08:39]} 16. Qc2 {[%emt 0:05:13]} Qc7 {[%emt 0:00:33]} 17. Nf3 {[%emt 0:08:26]} Bc5 {[%emt 0:06:47]} 18. Nxe5 {[%emt 0:07:35]} Qxe5 {[%emt 0:01:56]} 19. Qxc4 {[%emt 0:02:07]} Rec8 {[%emt 0:01:16]} 20. Qd3 {[%emt 0:15:41]} Ng4 {[%emt 0:08:07]} 21. e3 {[%emt 0:02:24]} Qh5 {[%emt 0:04:13]} 22. h3 {[%emt 0:07:49]} Ne5 {[%emt 0:02:19]} 23. g4 {[%emt 0:00:07]} Qh4 {[%emt 0:14:23]} 24. Qe4 {[%emt 0:05:28]} Ng6 {[%emt 0:03:03]} 25. b3 {[%emt 0:01:07]} Qf6 {[%emt 0:03:29]} 26. Bd2 {[%emt 0:02:09]} Ba3 {[%emt 0:04:23]} 27. Be1 {[%emt 0:00:51]} Rc5 {[%emt 0:01:07]} 28. Rab1 {[%emt 0:00:54]} Rbc8 {[%emt 0:00:46]} 29. Qa4 {[%emt 0:01:44]} Bb2 {[%emt 0:00:46]} 30. Qxa7 {[%emt 0:00:12]} Rc2 {[%emt 0:00:29]} 31. Be4 {[%emt 0:00:36]} Nh4 {[%emt 0:00:51]} 32. Qa5 {[%emt 0:04:35]} g6 {[%emt 0:00:51]} 33. g5 {[%emt 0:01:46]} Nf3+ {[%emt 0:00:28]} 34. Bxf3 {[%emt 0:00:01]} Qxf3 {[%emt 0:00:10]} 35. Rd8+ {[%emt 0:00:11]} Rxd8 {[%emt 0:03:21]} 36. Qxd8+ {[%emt 0:00:07]} Kg7 {[%emt 0:00:01]} 37. Rxb2 {[%emt 0:00:04]} Rc1 {[%emt 0:00:11]} 38. Qd2 {[%emt 0:01:28]} Qxh3 {[%emt 0:01:21]} 39. Qxc1 {[%emt 0:00:31]} Qg4+ {[%emt 0:00:25]} 40. Kf1 {[%emt 0:00:05]} Qh3+ {[%emt 0:00:08]} 41. Ke2 {[%emt 0:30:16]} Qg4+ {[%emt 0:30:01]} 42. f3 {[%emt 0:00:24]} Qg2+ {[%emt 0:00:07]} 43. Bf2 {[%emt 0:00:13]} 1-0

[Event "WTCC-50 2018"]
[Site "Radebeul"]
[Date "2018.07.15"]
[Round "9"]
[White "Schoeneberg, Manfred"]
[Black "Kirppo, Ronny"]
[Result "1/2-1/2"]
[WhiteElo "2199"]
[BlackElo "1930"]
[Annotator "NA"]
[PlyCount "42"]
[EventDate "2018.07.07"]
[EventType "team-tourn"]
[EventCountry "GER"]
[SourceTitle "playchess.com"]
[Source "ChessBase"]
[SourceQuality "1"]
[TimeControl "40/5400+30:1800+30"]

1. e4 {[%emt 0:00:02]} c5 {[%emt 0:00:00]} 2. Nf3 {[%emt 0:00:07]} Nc6 {[%emt 0:00:00]} 3. Bb5 {[%emt 0:01:08]} g6 {[%emt 0:00:00]} 4. O-O {[%emt 0:00:44]} Bg7 {[%emt 0:00:18]} 5. c3 {[%emt 0:00:06]} Nf6 {[%emt 0:00:20]} 6. e5 {[%emt 0:00:03]} Nd5 {[%emt 0:00:08]} 7. d4 {[%emt 0:00:06]} cxd4 {[%emt 0:00:08]} 8. cxd4 {[%emt 0:00:06]} O-O {[%emt 0:00:16]} 9. Nc3 {[%emt 0:00:12]} Nxc3 {[%emt 0:00:32]} 10. bxc3 {[%emt 0:00:05]} d6 {[%emt 0:10:59]} 11. exd6 {[%emt 0:01:33]} Qxd6 {[%emt 0:00:06]} 12. a4 {[%emt 0:02:17]} Qc7 {[%emt 0:10:22]} 13. Ba3 {[%emt 0:04:02]} Rd8 {[%emt 0:06:35]} 14. Re1 {[%emt 0:02:00]} Bf6 {[%emt 0:14:13]} 15. Rc1 {[%emt 0:12:08]} Be6 {[%emt 0:05:26]} 16. Nd2 {[%emt 0:16:31]} Bd5 {[%emt 0:23:11]} 17. Bf1 {[%emt 0:07:20]} Bg5 {[%emt 0:08:11]} 18. Rb1 {[%emt 0:15:32]} Na5 {[%emt 0:01:16]} 19. Bb4 {[%emt 0:01:57]} Nc6 {[%emt 0:01:21]} 20. Ba3 {[%emt 0:02:05]} Na5 {[%emt 0:00:15]} 21. Bb4 {[%emt 0:01:46]} Nc6 {[%emt 0:00:01]} 1/2-1/2

[Event "WTCC-50 2018"]
[Site "Radebeul"]
[Date "2018.07.15"]
[Round "9"]
[White "Taggatz, Mario"]
[Black "Graf, Alexander"]
[Result "0-1"]
[WhiteElo "2191"]
[BlackElo "2561"]
[Annotator "TA"]
[PlyCount "70"]
[EventDate "2018.07.07"]
[EventType "team-tourn"]
[EventCountry "GER"]
[SourceTitle "playchess.com"]
[Source "ChessBase"]
[SourceQuality "1"]

{[%evp 14,70,7,0,14,14,9,10,0,4,12,10,27,27,13,14,8,41,69,63,70,64,64,64,62,55,86,58,106,92,97,100,102,37,19,31,64,0,93,0,0,-176,-176,-176,-176,-175,-175,-210,-215,-229,-220,-863,-403,-378,-376,-29978,-29979,-29996,-29997]} 1. d4 Nf6 2. Nf3 d5 3. Bf4 g6 4. e3 Bg7 5. Be2 O-O 6. O-O c5 7. c3 Nc6 {D02: 1 d4 d5 2 Nf3 sidelines, including 2...Nf6 3 g3 and 2...Nf6 3 Bf4} 8. Ne5 {LiveBook: 10 Games} (8. Nbd2 Nd7 9. Qb3 c4 10. Qa3 b5 11. e4 Nb6 12. Qc5 dxe4 13. Nxe4 Qd5 14. Qxd5 Nxd5 15. Bg3 {1-0 (76) Artemiev,V (2691)-Ding,L (2777) Huaian 2017}) 8... Ne4 9. Nxc6 bxc6 {The position is equal.} 10. Nd2 Nxd2 11. Qxd2 Qb6 12. b4 $146 ({Predecessor:} 12. Rab1 a5 13. b3 Re8 14. Rfd1 e5 15. dxe5 Bxe5 16. Bxe5 Rxe5 {½-½ (37) Bachmann,K (2274)-Tseshkovsky,V (2554) Velden 2009}) 12... c4 13. e4 a5 {Hoping for ...axb4.} 14. Rfb1 dxe4 15. Bxc4 Bf5 16. Qe3 axb4 17. Rxb4 Qa5 18. h3 h5 19. a4 Rac8 20. Bh6 Rfd8 21. Bxg7 Kxg7 22. Rb7 Re8 23. Be2 (23. Qg3 $16) 23... Rb8 $14 24. Rxb8 Rxb8 25. g4 (25. Bxh5 $14 Rb3 26. Bg4) 25... Be6 (25... hxg4 $11 26. hxg4 Be6) 26. Qxe4 ({White should try} 26. gxh5 $16 Rb3 27. hxg6 (27. Qxe4 Qg5+ 28. Bg4 gxh5 $14)) 26... Qxc3 $11 27. Qe5+ $2 {[#]} (27. Rd1 $11 {and White has nothing to worry.} Rb3 28. Qe5+ Kg8 29. gxh5 Qxh3 30. hxg6) 27... f6 $19 28. Qxb8 Qxa1+ 29. Kg2 hxg4 30. hxg4 Qxd4 {Strongly threatening ...Bd5+.} 31. Qc7 Bd5+ 32. Kg3 $2 (32. f3 Qxg4+ 33. Kf1 Qh3+ 34. Kg1) 32... Qc3+ (32... Qe4 $142 33. Qa7 g5) 33. Kh2 Kf7 {( -> ...Qe1)} 34. Qf4 $2 (34. Qg3 $19 Qa1 35. Bf3) 34... Qe1 35. Bc4 {[#]} Qh1+ $1 {Precision: White = 46%, Black = 43%.} 0-1

[Event "WTCC-50 2018"]
[Site "Radebeul"]
[Date "2018.07.15"]
[Round "9"]
[White "Sirotkina, Nina"]
[Black "Brueggemann, Joachim"]
[Result "1/2-1/2"]
[WhiteElo "2175"]
[BlackElo "2293"]
[Annotator "NA"]
[PlyCount "60"]
[EventDate "2018.07.07"]
[EventType "team-tourn"]
[EventCountry "GER"]
[SourceTitle "playchess.com"]
[Source "ChessBase"]
[SourceQuality "1"]
[TimeControl "40/5400+30:1800+30"]

1. d4 {[%emt 0:00:00]} Nf6 {[%emt 0:00:00]} 2. Bf4 {[%emt 0:00:06]} e6 {[%emt 0:00:00]} 3. e3 {[%emt 0:00:55]} b6 {[%emt 0:00:32]} 4. Nf3 {[%emt 0:02:53]} Bb7 {[%emt 0:00:06]} 5. Be2 {[%emt 0:14:14]} Be7 {[%emt 0:00:06]} 6. h3 {[%emt 0:00:34]} O-O {[%emt 0:00:15]} 7. O-O {[%emt 0:01:52]} d6 {[%emt 0:06:07]} 8. c4 {[%emt 0:02:39]} Nbd7 {[%emt 0:00:05]} 9. Nc3 {[%emt 0:00:40]} Ne4 {[%emt 0:01:40]} 10. Nxe4 {[%emt 0:02:29]} Bxe4 {[%emt 0:01:40]} 11. Nd2 {[%emt 0:05:30]} Bb7 {[%emt 0:00:10]} 12. Bf3 {[%emt 0:01:02]} Bxf3 {[%emt 0:12:07]} 13. Nxf3 {[%emt 0:04:15]} a5 {[%emt 0:03:43]} 14. Qe2 {[%emt 0:18:07]} Qc8 {[%emt 0:06:43]} 15. Rfd1 {[%emt 0:05:22]} Qb7 {[%emt 0:05:30]} 16. Rac1 {[%emt 0:04:09]} Nf6 {[%emt 0:07:18]} 17. Bg5 {[%emt 0:03:35]} Rfe8 {[%emt 0:02:31]} 18. Rc2 {[%emt 0:00:49]} a4 {[%emt 0:04:54]} 19. Nd2 {[%emt 0:05:20]} h6 {[%emt 0:02:25]} 20. Bh4 {[%emt 0:00:57]} Ra5 {[%emt 0:07:56]} 21. e4 {[%emt 0:04:14]} Nd7 {[%emt 0:05:04]} 22. Bxe7 {[%emt 0:02:23]} Rxe7 {[%emt 0:00:01]} 23. Nb1 {[%emt 0:01:29]} e5 {[%emt 0:01:57]} 24. d5 {[%emt 0:01:58]} Nc5 {[%emt 0:01:38]} 25. Nc3 {[%emt 0:00:35]} Ra8 {[%emt 0:00:12]} 26. Rcc1 {[%emt 0:02:12]} Qc8 {[%emt 0:02:24]} 27. Qc2 {[%emt 0:00:37]} Qd7 {[%emt 0:02:31]} 28. Ra1 {[%emt 0:03:45]} Rf8 {[%emt 0:00:10]} 29. b4 axb3 30. axb3 f5 1/2-1/2

[Event "WTCC-50 2018"]
[Site "Radebeul"]
[Date "2018.07.15"]
[Round "9"]
[White "Boehm, Martin"]
[Black "Limpert, Michael"]
[Result "1-0"]
[WhiteElo "2172"]
[BlackElo "2159"]
[Annotator "NA"]
[PlyCount "55"]
[EventDate "2018.07.07"]
[EventType "team-tourn"]
[EventCountry "GER"]
[SourceTitle "playchess.com"]
[Source "ChessBase"]
[SourceQuality "1"]
[TimeControl "40/5400+30:1800+30"]

1. d4 {[%emt 0:00:00]} d5 {[%emt 0:00:00]} 2. c4 {[%emt 0:00:00]} c6 {[%emt 0:00:00]} 3. Nc3 {[%emt 0:00:00]} Nf6 {[%emt 0:01:45]} 4. Nf3 {[%emt 0:00:56]} e6 {[%emt 0:00:23]} 5. Bg5 {[%emt 0:00:14]} dxc4 {[%emt 0:00:12]} 6. e4 {[%emt 0:04:00]} b5 {[%emt 0:00:30]} 7. e5 {[%emt 0:01:30]} h6 {[%emt 0:00:02]} 8. Bh4 {[%emt 0:00:11]} g5 {[%emt 0:00:04]} 9. Nxg5 {[%emt 0:05:55]} hxg5 {[%emt 0:00:35]} 10. Bxg5 {[%emt 0:00:04]} Nbd7 {[%emt 0:00:16]} 11. exf6 {[%emt 0:02:12]} Qa5 {[%emt 0:02:21]} 12. h4 {[%emt 0:05:08]} Bb7 {[%emt 0:01:09]} 13. Be2 {[%emt 0:11:18]} O-O-O {[%emt 0:00:14]} 14. O-O {[%emt 0:01:27]} Ne5 {[%emt 0:43:53]} 15. Qc1 {[%emt 0:17:27]} Nd3 {[%emt 0:08:44]} 16. Bxd3 {[%emt 0:03:28]} cxd3 {[%emt 0:00:01]} 17. Qe3 {[%emt 0:00:58]} Qb4 {[%emt 0:04:33]} 18. d5 {[%emt 0:09:06]} exd5 {[%emt 0:21:06]} 19. Qxd3 {[%emt 0:02:16]} Qg4 {[%emt 0:04:15]} 20. Rac1 {[%emt 0:09:17]} b4 {[%emt 0:04:14]} 21. Nb5 {[%emt 0:08:02]} Bd6 {[%emt 0:05:08]} 22. Qe3 {[%emt 0:06:49]} d4 {[%emt 0:00:39]} 23. Nxd6+ {[%emt 0:02:49]} Rxd6 {[%emt 0:00:08]} 24. Qb3 {[%emt 0:00:28]} Rd7 {[%emt 0:01:14]} 25. Qxb4 {[%emt 0:01:45]} Kb8 {[%emt 0:00:15]} 26. f3 {[%emt 0:01:00]} Qe6 {[%emt 0:00:47]} 27. Rfe1 {[%emt 0:01:20]} Qd6 {[%emt 0:00:28]} 28. Qxd6+ 1-0

[Event "WTCC-50 2018"]
[Site "Radebeul"]
[Date "2018.07.15"]
[Round "9"]
[White "Pruefer, Friedbert"]
[Black "Pieper, Thomas"]
[Result "1/2-1/2"]
[WhiteElo "2172"]
[BlackElo "2208"]
[Annotator "NA"]
[PlyCount "97"]
[EventDate "2018.07.07"]
[EventType "team-tourn"]
[EventCountry "GER"]
[SourceTitle "playchess.com"]
[Source "ChessBase"]
[SourceQuality "1"]
[TimeControl "40/5400+30:1800+30"]

1. d4 {[%emt 0:00:00]} Nf6 {[%emt 0:00:00]} 2. g3 {[%emt 0:00:00]} g6 {[%emt 0:00:27]} 3. Bg2 {[%emt 0:00:00]} Bg7 {[%emt 0:01:02]} 4. e4 {[%emt 0:00:08]} d6 {[%emt 0:00:28]} 5. Nc3 {[%emt 0:00:05]} O-O {[%emt 0:01:01]} 6. Nge2 {[%emt 0:00:10]} e5 {[%emt 0:06:24]} 7. h3 {[%emt 0:00:29]} exd4 {[%emt 0:09:08]} 8. Nxd4 {[%emt 0:00:10]} Re8 {[%emt 0:03:28]} 9. O-O {[%emt 0:01:53]} Nbd7 {[%emt 0:02:45]} 10. Re1 {[%emt 0:12:10]} Nb6 {[%emt 0:02:07] B07: Pirc Defence: Miscellaneous Systems} (10... a6 11. a4 Rb8 12. a5 Nc5 13. Bf4 Nh5 14. Be3 Nf6 15. Bf4 Nh5 16. Bc1 d5 17. Nb3 Nxb3 18. cxb3 d4 19. Nd5 Be6 20. Bd2 {0-1 (33) Malakhov,V (2694)-Mamedov,R (2659) Dubai 2014}) 11. Nde2 {[%emt 0:14:50]} c6 {[%emt 0:09:31]} 12. Nf4 {[%emt 0:06:33]} Be6 $146 {[%emt 0:09:11]} ({Predecessor:} 12... Qc7 13. b3 Be6 14. Bb2 Rad8 15. Nxe6 Rxe6 16. Qd2 Rde8 17. Rad1 {1-0 (39) Davis,L (2153)-Gokhale,A (2196) Philadelphia 2005}) 13. Nxe6 {[%emt 0:04:37]} fxe6 {[%emt 0:04:21]} 14. Qe2 {[%emt 0:07:54]} d5 {[%emt 0:07:50]} 15. e5 {[%emt 0:01:01]} Nfd7 {[%emt 0:00:06]} 16. f4 {[%emt 0:00:56]} Nc8 {[%emt 0:01:52]} 17. a4 {[%emt 0:09:20]} Ne7 {[%emt 0:02:55]} 18. Be3 {[%emt 0:03:50]} b6 {[%emt 0:09:40]} 19. Bf2 {[%emt 0:02:02]} g5 {[%emt 0:01:04]} 20. Qh5 {[%emt 0:07:10]} gxf4 {[%emt 0:07:41]} 21. gxf4 {[%emt 0:00:16]} Ng6 {[%emt 0:00:41]} 22. Bg3 {[%emt 0:00:41]} Rf8 {[%emt 0:04:22]} 23. Rf1 {[%emt 0:00:30]} Rf5 {[%emt 0:00:49]} 24. Qg4 {[%emt 0:00:23]} Ndf8 {[%emt 0:00:38]} 25. h4 {[%emt 0:04:39]} h5 {[%emt 0:00:41]} 26. Qe2 {[%emt 0:00:18]} Bh6 {[%emt 0:03:32]} 27. Bh3 {[%emt 0:02:10]} Nxf4 {[%emt 0:01:48]} 28. Bxf4 {[%emt 0:00:21]} Rxf4 {[%emt 0:00:49]} 29. Rxf4 {[%emt 0:00:33]} Bxf4 {[%emt 0:00:02]} 30. Qxh5 {[%emt 0:00:22]} Qe8 {[%emt 0:01:58]} 31. Qe2 {[%emt 0:12:05]} Qe7 {[%emt 0:04:06]} 32. Qg4+ {[%emt 0:00:21]} Qg7 {[%emt 0:00:02]} 33. Re1 {[%emt 0:00:43]} Qxg4+ {[%emt 0:01:58]} 34. Bxg4 {[%emt 0:00:01]} Bg3 {[%emt 0:01:00]} 35. Re2 {[%emt 0:00:36]} Bxh4 {[%emt 0:00:49]} 36. Rg2 $11 {[%emt 0:00:26]} Kf7 {[%emt 0:01:44]} 37. Bh5+ {[%emt 0:00:29]} Ke7 {[%emt 0:00:01]} 38. Rg7+ {[%emt 0:00:41]} Kd8 {[%emt 0:00:05]} 39. Ne2 {[%emt 0:04:53]} Be7 {[%emt 0:00:58]} 40. Nf4 {[%emt 0:03:44]} Rc8 {[%emt 0:00:53]} 41. Kf1 {[%emt 0:32:16]} a5 {[%emt 0:17:32]} 42. Bg4 {[%emt 0:00:00]} Bc5 {[%emt 0:03:28]} 43. Nxe6+ {[%emt 0:00:00]} Nxe6 {[%emt 0:00:24]} 44. Bxe6 {[%emt 0:00:00]} Rc7 {[%emt 0:00:20]} 45. Rg8+ {[%emt 0:00:00]} Ke7 {[%emt 0:00:01]} 46. Rg7+ {[%emt 0:00:00]} Kd8 {[%emt 0:00:01]} 47. Rg8+ {[%emt 0:00:00]} Ke7 {[%emt 0:00:02]} 48. Rg7+ {[%emt 0:00:00]} Kd8 {[%emt 0:00:02]} 49. Ke1 1/2-1/2

[Event "WTCC-50 2018"]
[Site "Radebeul"]
[Date "2018.07.15"]
[Round "9"]
[White "Sazonova, Elena N"]
[Black "Ruether, Rudolf"]
[Result "1/2-1/2"]
[WhiteElo "2146"]
[BlackElo "2118"]
[Annotator "NA"]
[PlyCount "36"]
[EventDate "2018.07.07"]
[EventType "team-tourn"]
[EventCountry "GER"]
[SourceTitle "playchess.com"]
[Source "ChessBase"]
[SourceQuality "1"]
[TimeControl "40/5400+30:1800+30"]

1. e4 {[%emt 0:00:00]} e6 {[%emt 0:00:00]} 2. Nf3 {[%emt 0:01:00]} d5 {[%emt 0:04:02]} 3. Nc3 {[%emt 0:00:26]} Nf6 4. e5 {[%emt 0:00:09]} Nfd7 {[%emt 0:08:13]} 5. d4 {[%emt 0:00:06]} c5 {[%emt 0:00:07]} 6. dxc5 {[%emt 0:00:08]} Nc6 {[%emt 0:02:39]} 7. Bf4 {[%emt 0:00:08]} Nxc5 {[%emt 0:04:20]} 8. Qd2 {[%emt 0:09:09]} a6 {[%emt 0:03:30]} 9. O-O-O {[%emt 0:11:50]} Be7 {[%emt 0:01:30]} 10. h4 {[%emt 0:00:50]} b5 {[%emt 0:05:33]} 11. Nd4 {[%emt 0:04:32]} Nxd4 {[%emt 0:11:04]} 12. Qxd4 {[%emt 0:00:20]} b4 {[%emt 0:00:34]} 13. Nb1 {[%emt 0:13:38]} Ne4 {[%emt 0:08:43]} 14. Be3 {[%emt 0:00:54]} O-O {[%emt 0:09:47]} 15. Qb6 {[%emt 0:09:04]} Qxb6 {[%emt 0:07:49]} 16. Bxb6 {[%emt 0:00:26]} a5 {[%emt 0:00:09]} 17. Nd2 {[%emt 0:10:28]} Nxd2 {[%emt 0:03:53]} 18. Rxd2 {[%emt 0:01:44]} Ba6 {[%emt 0:00:41]} 1/2-1/2